Comuni della Provincia di Isernia (con mappa) - Statistics

Statistiche generali
  • Questo quiz è stato fatto 16 volte
  • Il punteggio medio è 36 su 52
Risposte nella Mappa
Le risposte nella mappa del quiz sottostante sono codificate secondo una scala di colori dal rosso al verde in base alla % di persone che hanno risposto correttamente.
 
Statistiche sulle risposte
Risposta % Corretto
Isernia
100%
Agnone
89%
Pozzilli
89%
Acquaviva d'Isernia
78%
Bagnoli del Trigno
78%
Belmonte del Sannio
78%
Capracotta
78%
Castel San Vincenzo
78%
Macchia d'Isernia
78%
Montenero Val Cocchiara
78%
Pesche
78%
Sant'Agapito
78%
Sant'Angelo del Pesco
78%
Scapoli
78%
Sesto Campano
78%
Venafro
78%
Cantalupo nel Sannio
67%
Carovilli
67%
Carpinone
67%
Castel del Giudice
67%
Castelpetroso
67%
Castelpizzuto
67%
Castelverrino
67%
Cerro al Volturno
67%
Chiauci
67%
Colli a Volturno
67%
Conca Casale
67%
Forlì del Sannio
67%
Fornelli
67%
Frosolone
67%
Longano
67%
Macchiagodena
67%
Miranda
67%
Montaquila
67%
Monteroduni
67%
Pescolanciano
67%
Pescopennataro
67%
Pettoranello del Molise
67%
Pietrabbondante
67%
Pizzone
67%
Poggio Sannita
67%
Rionero Sannitico
67%
Roccasicura
67%
Rocchetta a Volturno
67%
San Pietro Avellana
67%
Santa Maria del Molise
67%
Sessano del Molise
67%
Vastogirardi
67%
Civitanova del Sannio
56%
Filignano
56%
Roccamandolfi
56%
Sant'Elena Sannita
56%
Nessun quiz corrispondente trovato
Distribuzione punteggi
Percentuale di utenti per punteggio
Percentile per numero di risposta
I tuoi punteggi nel tempo
Non hai fatto questo quiz